Tecnología de las maquinas, herramientas

Bibliographic Details
Main Author: Krar, Steve F.
Format: Section = Libro
Language:Undetermined
Spanish
Published: México Alfaomega 2002
Edition:5a.ed.
Subjects:
LEADER 00589nam a2200205Ia 4500
008 240829s9999 xx 000 0 und d
020 |a 970-15-0368-3 
040 |a BIBLIOTECA-RUPAP 621.902 K89 
041 |a spa 
082 |a 621.902 K89 
100 1 |a Krar, Steve F. 
245 1 0 |a Tecnología de las maquinas, herramientas 
250 |a 5a.ed. 
260 |a México  |b Alfaomega  |c 2002 
300 |a 879 p. :il. 
650 7 |a MAQUINAS HERRAMIENTAS 
650 7 |b  INGENIERIA MECANICA. I. Oswald, J.W, coaut. II. Amand, J.E St, coaut. III. Tít. 
942 |c BK  |2 ddc 
991 |a TEXTO 
999 |c 9389